Rozpočtová sústava 1. časť

Bibliographic Details
Main Author: Petrenka, Ján, 1930- (Author)
Format: Book
Language:Slovak
PhysicalDescription:182 s. sch., tab. 29 cm
Published: Bratislava Vysoká škola ekonomická, Národohospodárska fakulta 1976
Edition:2. vyd.
Series:Vysokoškolské skriptá
Subjects:

MARC

LEADER 00000cam a2200000 a 4500
001 vtls009687000
003 SK-MaSNL
005 20260301211807.0
008 240318s1976 xo a p 000 0 slo
015 |a SNBA1976 
035 |a (SVKBBclas03)vtls000057480 
040 |a SNK  |b slo  |c SNK  |e AACR2 
041 0 |a slo 
044 |a xo  |c SK 
080 |a 336.12  |2 1981 
100 1 |a Petrenka, Ján,  |d 1930-  |4 aut  |9 49224 
245 1 0 |a Rozpočtová sústava  |n 1. časť  |c Ján Petrenka 
250 |a 2. vyd. 
260 |a Bratislava  |b Vysoká škola ekonomická, Národohospodárska fakulta  |c 1976 
300 |a 182 s.  |b sch., tab.  |c 29 cm 
366 |e 200 výt. 
490 1 |a Vysokoškolské skriptá 
504 |a Bibliogr. 
650 0 7 |a štátny rozpočet  |2 SNKPH  |9 2364 
655 7 |a učebnice vysokých škôl  |2 SNKPH  |9 70191 
830 0 |a Vysokoškolské skriptá  |9 276440 
958 |a OND 
958 |a NB 
999 |c 916738  |d 918668 
952 |a SNK  |b SNK  |y PREZ  |7 0  |p 17A0932719  |o snkSB 23481/1  |i snkKSP 2856/76  |0 0  |1 0  |4 0  |d 2014-05-16  |f 1  |l 0  |r 2025-03-26 00:00:00  |w 2026-02-24 
952 |a SNK  |b SNK  |y VYP  |7 0  |o snkSB 23481/1 D1  |i snkKSP 2857/76  |0 0  |1 0  |4 0  |d 2014-05-16  |l 0  |r 2026-02-24 08:03:21  |w 2026-02-24